Naos y carabelas de los descubrimientos y las naves de Colón / (Record no. 61112)

MARC details
000 -LEADER
campo de control de longitud fija 00470nam a2200157 i 4500
001 - NÚMERO DE CONTROL
campo de control 61112
003 - IDENTIFICADOR DE NÚMERO DE CONTROL
campo de control ES-MaACL
005 - FECHA Y HORA DE LA ÚLTIMA TRANSACCIÓN
campo de control 20230906164355.0
007 - CAMPO FIJO DE DESCRIPCIÓN FÍSICA--INFORMACIÓN GENERAL
campo de control de longitud fija t|
008 - DATOS DE LONGITUD FIJA--INFORMACIÓN GENERAL
campo de control de longitud fija 031110s1971 sp ||||1| spa d
100 1# - ENTRADA PRINCIPAL--NOMBRE DE PERSONA
Nombre de persona Etayo, Carlos.
9 (RLIN) 48266
245 10 - MENCIÓN DEL TÍTULO
Título Naos y carabelas de los descubrimientos y las naves de Colón /
Mención de responsabilidad, etc. por Carlos Etayo.
260 ## - PUBLICACIÓN, DISTRIBUCIÓN, ETC.
Lugar de publicación, distribución, etc. [Pamplona :
Nombre del editor, distribuidor, etc. s.n.,
Fecha de publicación, distribución, etc. 1971] (
Fabricante Aralar)
300 ## - DESCRIPCIÓN FÍSICA
Extensión 262 p. :
Otras características físicas il. ;
Dimensiones 22 cm.
852 ## - LOCALIZACIÓN
Ubicación ES-MaACL
Número de control de estantería C-47489
Sublocalización o colección R.78885
Holdings
Estatus retirado Estado de pérdida Estado de daño No para préstamo Biblioteca de origen Biblioteca actual Ubicación en estantería Fecha de adquisición Fuente de adquisición Total de préstamos Signatura topográfica completa Código de barras Visto por última vez Precio de reemplazo Tipo de ítem Koha
        Biblioteca del Ateneo de Madrid Biblioteca del Ateneo de Madrid Depósito 2 17/01/2008     C-47489 1064085 23/02/2023 23/02/2023 Libro impreso